000 00542 a2200169 4500
999 _c7660
_d7660
020 _a9780141047546
050 _aHT166 MON 2013
100 _aMontgomery, Charles,
_d1968-
_eauthor
245 _aHappy city :
_b transforming our lives through urban design /
_cCharles Montgomery
264 _aLondon :
_bPenguin Books,
_c 2015.
300 _a390 pages
500 _aOriginally published: 2013. lncludes index
650 _aCity planning
_xSocial aspects.
650 _a Happiness.
650 _aSmart City
942 _2lcc
_cBK
_h166
_iMON
_kHT